[Event "21st European Teams"]
[Site "Hersonissos GRE"]
[Date "2017.10.30"]
[Round "3.20"]
[Board "1"]
[White "Ragger, Markus"]
[Black "Hovhannisyan, Mher"]
[Result "1-0"]
[WhiteTitle "GM"]
[BlackTitle "IM"]
[WhiteElo "2659"]
[BlackElo "2466"]
[WhiteTeam "Austria"]
[BlackTeam "Belgium"]
[WhiteFideId "1610856"]
[BlackFideId "13300865"]
[EventDate "2017.10.28"]

1. e4 e6 2. d4 d5 3. Nd2 Nf6 4. e5 Nfd7 5. Bd3 c5 6. c3 Nc6 7. Ngf3 g6 8. h4 Qb6
9. h5 Rg8 10. Kf1 cxd4 11. cxd4 g5 12. Bxh7 Rh8 13. Nb3 Rxh7 14. Nxg5 Rh8 15. h6
Ndxe5 16. dxe5 Nxe5 17. Be3 Qb5+ 18. Kg1 Qd3 19. Bd4 Qxd1+ 20. Rxd1 f6 21. h7
Bg7 22. Re1 b6 23. Rh3 Ke7 24. f4 Nc6 25. Nxe6 Bxe6 26. f5 Ne5 27. fxe6 Kxe6 28.
Bxe5 fxe5 29. Nd4+ Kd7 30. Nf5 Bf6 31. Ne3 Ke6 32. Ng4 Bg7 33. Nxe5 Bxe5 34. Rh5
Kd6 35. Rh6+ Kc5 36. Rxe5 Rad8 37. Kf2 Rd7 38. Reh5 Kc4 39. Ke3 Re7+ 40. Kd2 Rg7
41. Rh4+ Kc5 42. g4 Kd4 43. g5+ Ke5 44. g6 Kf6 45. Rg4 a5 46. a4 Kf5 47. Rg1 Kf6
48. Kd3 d4 49. Rg2 Kf5 50. Rh5+ Kf6 51. Rb5 1-0

[Event "21st European Teams"]
[Site "Hersonissos GRE"]
[Date "2017.10.30"]
[Round "3.20"]
[Board "2"]
[White "Godart, Francois"]
[Black "Shengelia, David"]
[Result "0-1"]
[WhiteTitle "IM"]
[BlackTitle "GM"]
[WhiteElo "2397"]
[BlackElo "2556"]
[WhiteTeam "Belgium"]
[BlackTeam "Austria"]
[WhiteFideId "208078"]
[BlackFideId "13601270"]
[EventDate "2017.10.28"]

1. d4 Nf6 2. Nf3 b6 3. e3 Bb7 4. Bd3 g6 5. O-O Bg7 6. c4 O-O 7. Nc3 d5 8. Qe2
Nc6 9. cxd5 Nxd5 10. Rd1 e5 11. dxe5 Nxc3 12. bxc3 Nxe5 13. Nxe5 Bxe5 14. Bb2
Qh4 15. h3 Rad8 16. Ba6 Ba8 17. Rxd8 Rxd8 18. Rd1 Rxd1+ 19. Qxd1 Qe4 20. Bf1 c5
21. Qc1 Bd5 22. a3 c4 23. Qd2 Be6 24. Qd8+ Kg7 25. a4 Qd5 26. Qxd5 Bxd5 27. f4
Bd6 28. g3 Bc5 29. Kf2 f5 30. Bc1 Kf6 31. g4 Ke6 32. Kg3 Be7 33. Be2 Bf6 34. Bd2
Kd6 35. h4 a5 36. h5 b5 37. axb5 a4 38. g5 a3 39. Bc1 a2 40. Bb2 Be7 41. hxg6
hxg6 42. Kf2 Kc7 43. Ke1 Ba3 44. Ba1 Bc1 45. Kf2 Kb6 46. Bf3 Bxf3 47. Kxf3 Kxb5
48. e4 fxe4+ 49. Kxe4 Ka4 0-1

[Event "21st European Teams"]
[Site "Hersonissos GRE"]
[Date "2017.10.30"]
[Round "3.20"]
[Board "3"]
[White "Schreiner, Peter"]
[Black "Beukema, Stefan"]
[Result "1/2-1/2"]
[WhiteTitle "IM"]
[BlackTitle "IM"]
[WhiteElo "2480"]
[BlackElo "2378"]
[WhiteTeam "Austria"]
[BlackTeam "Belgium"]
[WhiteFideId "1621645"]
[BlackFideId "1024523"]
[EventDate "2017.10.28"]

1. d4 f5 2. Nc3 Nf6 3. Bg5 d5 4. e3 e6 5. Nf3 a6 6. Bd3 Nbd7 7. Ne2 c5 8. c4 h6
9. Bxf6 Nxf6 10. cxd5 Qa5+ 11. Nc3 cxd4 12. exd4 Nxd5 13. Ne5 Nf4 14. O-O Bd6
15. Re1 O-O 16. Bf1 Bxe5 17. Rxe5 Qc7 18. Qb3 b6 19. g3 Ng6 20. Ree1 Qd6 21. Bg2
Rb8 22. Rad1 Bd7 23. a3 b5 24. Qb4 Qxb4 25. axb4 Rfc8 26. d5 Rb6 27. dxe6 Bxe6
28. h4 Kf7 29. Rd4 Ne7 30. h5 Rc4 31. Rxc4 bxc4 32. Na2 Kf6 33. Rc1 Nc8 34. Bf1
Nd6 35. Be2 Bf7 36. Rd1 Ne4 37. Rd4 Ke5 38. Rd7 Nd6 39. Ra7 Kf6 40. Nc3 Be6 41.
Kf1 Nb5 42. Ra8 Nc7 1/2-1/2

[Event "21st European Teams"]
[Site "Hersonissos GRE"]
[Date "2017.10.30"]
[Round "3.20"]
[Board "4"]
[White "Dardha, Arben"]
[Black "Diermair, Andreas"]
[Result "1/2-1/2"]
[WhiteTitle "FM"]
[BlackTitle "IM"]
[WhiteElo "2279"]
[BlackElo "2488"]
[WhiteTeam "Belgium"]
[BlackTeam "Austria"]
[WhiteFideId "4700481"]
[BlackFideId "1612468"]
[EventDate "2017.10.28"]

1. d4 d5 2. c4 e6 3. Nc3 Nf6 4. e3 a6 5. Nf3 dxc4 6. Bxc4 b5 7. Bd3 Bb7 8. a3 c5
9. dxc5 Bxc5 10. b4 Bd6 11. Bb2 O-O 12. O-O Qe7 13. Qe2 Nbd7 14. Rfd1 Rfd8 15.
Rac1 Nb6 16. h3 Rac8 17. Nd2 Be5 18. Nb3 Bd6 19. Nd2 Bb8 20. Nce4 Nxe4 21. Rxc8
Rxc8 22. Nxe4 Bxe4 23. Bxe4 Nc4 24. Bd4 f5 25. Bf3 Bd6 26. Qa2 Kf8 27. Be2 Rc7
28. Qb3 e5 29. Bc3 Nb6 30. Bb2 Nc4 31. Bc3 1/2-1/2

[Event "21st European Teams"]
[Site "Hersonissos GRE"]
[Date "2017.10.31"]
[Round "4.1"]
[Board "2"]
[White "Erdos, Viktor"]
[Black "Nepomniachtchi, Ian"]
[Result "1-0"]
[WhiteTitle "GM"]
[BlackTitle "GM"]
[WhiteElo "2624"]
[BlackElo "2733"]
[WhiteTeam "Hungary"]
[BlackTeam "Russia"]
[WhiteFideId "719978"]
[BlackFideId "4168119"]
[EventDate "2017.10.28"]

1. Nf3 c5 2. c4 Nf6 3. Nc3 d5 4. cxd5 Nxd5 5. e3 Nxc3 6. dxc3 Qxd1+ 7. Kxd1 b6
8. Bb5+ Bd7 9. a4 a6 10. Bxd7+ Nxd7 11. e4 e6 12. Bf4 f6 13. Nd2 Be7 14. Nc4 Kf7
15. Kc2 e5 16. Rhd1 Ke6 17. Be3 Rhb8 18. f4 exf4 19. Bxf4 Rb7 20. Rd5 Raa7 21.
Nd6 Bxd6 22. Rxd6+ Ke7 23. Rc6 Ra8 24. a5 Kf7 25. axb6 Rxb6 26. Rc7 Ke8 27. Rd1
Rd8 28. Rd6 g5 29. Bg3 Rxd6 30. Bxd6 h5 31. Bxc5 Nxc5 32. Rxc5 Kf7 33. Rd5 Re8
34. Kd3 h4 35. b4 h3 36. g3 Rb8 37. Kd4 Ke6 38. Ra5 Rb6 39. Rc5 Rd6+ 40. Rd5 Rb6
41. g4 Kf7 42. e5 Ke7 43. Ke4 Rc6 44. Kf5 fxe5 45. Rxe5+ Kf7 46. Re3 a5 47. Rxh3
Kg7 48. bxa5 Rc5+ 49. Ke6 Rxa5 50. c4 Ra6+ 51. Kd5 Kf7 52. Re3 Ra4 53. h3 1-0

[Event "21st European Teams"]
[Site "Hersonissos GRE"]
[Date "2017.10.31"]
[Round "4.1"]
[Board "3"]
[White "Vitiugov, Nikita"]
[Black "Rapport, Richard"]
[Result "1/2-1/2"]
[WhiteTitle "GM"]
[BlackTitle "GM"]
[WhiteElo "2728"]
[BlackElo "2686"]
[WhiteTeam "Russia"]
[BlackTeam "Hungary"]
[WhiteFideId "4152956"]
[BlackFideId "738590"]
[EventDate "2017.10.28"]

1. d4 Nf6 2. c4 e6 3. Nf3 b6 4. g3 Bb7 5. Bg2 Bb4+ 6. Bd2 a5 7. O-O O-O 8. Bf4
Be7 9. Qc2 d5 10. Ne5 Qc8 11. Nc3 dxc4 12. e4 Nc6 13. Nxc6 Bxc6 14. Qe2 Bb4 15.
Bg5 Ne8 16. Qxc4 Bb7 17. Rfe1 Nd6 18. Qb3 Qd7 19. Rad1 Rae8 20. Bf4 Kh8 21. a3
Bxc3 22. Qxc3 f5 23. Rc1 Nb5 24. Qc4 fxe4 25. Bxe4 Bd5 26. Qd3 Bxe4 27. Qxe4
Qxd4 28. Qc6 Qd5 29. Qxd5 exd5 30. Rxe8 Rxe8 31. Bxc7 Nxc7 32. Rxc7 Re1+ 33. Kg2
Kg8 34. Rc6 b5 35. Rc5 b4 36. axb4 axb4 37. Rxd5 Re2 38. b3 Rb2 39. Rd3 Kf7 40.
h4 Ke6 41. g4 Ke5 42. Kf3 g6 43. g5 Rb1 44. Re3+ Kf5 45. Kg2 Kf4 46. Rd3 Ke4 47.
Rg3 Kf5 48. Re3 Kf4 49. Rd3 Ke4 50. Rd7 Rxb3 51. Rxh7 Rc3 52. Rb7 b3 53. Rb6 Kf5
54. f3 Rc2+ 55. Kg3 b2 56. Rb5+ Ke6 57. f4 Kd6 58. Kg4 Rg2+ 59. Kf3 Rh2 60. Kg3
Rc2 61. h5 gxh5 62. f5 Rc4 63. g6 Rg4+ 64. Kf3 Rg5 65. Kf4 Rg4+ 66. Kf3 Rg5 67.
Rxb2 Rxf5+ 68. Ke4 Rf8 69. Rb6+ Ke7 70. Ke5 Ra8 71. Rb7+ Kf8 72. Kf6 h4 73. Rf7+
Kg8 74. Rg7+ Kf8 75. Rf7+ Kg8 76. Rg7+ Kf8 1/2-1/2

[Event "21st European Teams"]
[Site "Hersonissos GRE"]
[Date "2017.10.31"]
[Round "4.2"]
[Board "1"]
[White "Nisipeanu, Liviu-Dieter"]
[Black "Wojtaszek, Radoslaw"]
[Result "1/2-1/2"]
[WhiteTitle "GM"]
[BlackTitle "GM"]
[WhiteElo "2672"]
[BlackElo "2737"]
[WhiteTeam "Germany"]
[BlackTeam "Poland"]
[WhiteFideId "1202758"]
[BlackFideId "1118358"]
[EventDate "2017.10.28"]

1. e4 c5 2. Nc3 d6 3. Nge2 Nf6 4. g3 Nc6 5. Bg2 g6 6. O-O Bg7 7. d3 O-O 8. h3
Ne8 9. Be3 Nd4 10. Rb1 Bd7 11. b4 b6 12. f4 Rc8 13. Qd2 Nc7 14. Kh2 e6 15. Bf2
Bc6 16. bxc5 Nxe2 17. Nxe2 dxc5 18. c4 Qd7 19. e5 Bxg2 20. Kxg2 Rfd8 21. Rbd1
Qc6+ 22. Kg1 b5 23. Qe3 Qa6 24. Qxc5 Qxa2 25. Nc3 Qb3 26. Nxb5 Nxb5 27. Qxb5
Rxd3 28. Qxb3 Rxb3 29. Rb1 Rxb1 30. Rxb1 Rxc4 31. Bxa7 1/2-1/2

[Event "21st European Teams"]
[Site "Hersonissos GRE"]
[Date "2017.10.31"]
[Round "4.2"]
[Board "3"]
[White "Bluebaum, Matthias"]
[Black "Piorun, Kacper"]
[Result "1-0"]
[WhiteTitle "GM"]
[BlackTitle "GM"]
[WhiteElo "2643"]
[BlackElo "2640"]
[WhiteTeam "Germany"]
[BlackTeam "Poland"]
[WhiteFideId "24651516"]
[BlackFideId "1130420"]
[EventDate "2017.10.28"]

1. Nf3 Nf6 2. c4 g6 3. Nc3 Bg7 4. e4 d6 5. d4 O-O 6. h3 e5 7. d5 a5 8. g4 Na6 9.
Be3 Nd7 10. a3 Nac5 11. Rg1 a4 12. Nd2 c6 13. Qc2 Nb6 14. g5 f5 15. f3 Bd7 16.
O-O-O Qc7 17. Kb1 cxd5 18. cxd5 Rac8 19. h4 Qd8 20. Be2 Qe8 21. Rc1 Rc7 22. h5
gxh5 23. exf5 Bxf5 24. Nde4 Nbd7 25. Ka2 Nb3 26. Rce1 Ndc5 27. Nb5 Rd7 28. Nbxd6
Rxd6 29. Bxc5 Bxe4 30. fxe4 Qc8 31. Rc1 Nxc5 32. Qxc5 Qxc5 33. Rxc5 Rf2 34. Bxh5
Rb6 35. Rb1 Rb3 36. d6 Bf8 37. Rd5 Kg7 38. Ka1 Re3 39. d7 Bxa3 40. d8=Q 1-0

[Event "21st European Teams"]
[Site "Hersonissos GRE"]
[Date "2017.10.31"]
[Round "4.2"]
[Board "4"]
[White "Bartel, Mateusz"]
[Black "Fridman, Daniel"]
[Result "1/2-1/2"]
[WhiteTitle "GM"]
[BlackTitle "GM"]
[WhiteElo "2613"]
[BlackElo "2626"]
[WhiteTeam "Poland"]
[BlackTeam "Germany"]
[WhiteFideId "1112635"]
[BlackFideId "11600454"]
[EventDate "2017.10.28"]

1. e4 e5 2. Nf3 Nf6 3. Nxe5 d6 4. Nf3 Nxe4 5. d4 d5 6. Bd3 Nc6 7. O-O Bg4 8. c4
Nf6 9. cxd5 Bxf3 10. Qxf3 Qxd5 11. Qxd5 Nxd5 12. Nc3 O-O-O 13. Bc4 Nf6 14. Be3
Nxd4 15. Rfd1 Ne6 16. Nb5 Rxd1+ 17. Rxd1 Be7 18. Nxa7+ Kb8 19. Nb5 Rd8 20. Rxd8+
Nxd8 21. a4 Kc8 22. h3 Kd7 23. Kf1 c6 24. Nc3 Ne6 25. Ke2 Ne8 26. g4 Bd6 27. Ne4
N8c7 28. Kd3 Be5 29. b3 f6 30. h4 Ke7 31. Nc5 Nxc5+ 32. Bxc5+ Bd6 33. Be3 Ne6
34. Bd2 Nc5+ 35. Ke3 Ne6 36. Be1 Nf4 37. h5 1/2-1/2

[Event "21st European Teams"]
[Site "Hersonissos GRE"]
[Date "2017.10.31"]
[Round "4.3"]
[Board "1"]
[White "Gelfand, Boris"]
[Black "Saric, Ivan"]
[Result "1/2-1/2"]
[WhiteTitle "GM"]
[BlackTitle "GM"]
[WhiteElo "2737"]
[BlackElo "2662"]
[WhiteTeam "Israel"]
[BlackTeam "Croatia"]
[WhiteFideId "2805677"]
[BlackFideId "14508150"]
[EventDate "2017.10.28"]

1. d4 d5 2. c4 c6 3. Nf3 Nf6 4. e3 Bg4 5. Qb3 Qb6 6. Nh4 e6 7. h3 Bh5 8. g4 Bg6
9. Nxg6 hxg6 10. Bg2 Nbd7 11. Nc3 g5 12. Bd2 Be7 13. Qa4 Qd8 14. Qb3 Qb6 15.
O-O-O O-O-O 16. Qa4 dxc4 17. Qxc4 Qc7 18. Kb1 Kb8 19. Rc1 Nb6 20. Qb3 Nfd5 21.
Ne2 f5 22. a4 Nc8 23. gxf5 exf5 24. a5 a6 25. Nc3 Nxc3+ 26. Bxc3 Nd6 27. d5 c5
28. Bxg7 Rh4 29. Qb6 Qxb6 30. axb6 Nc4 31. Rhd1 Rh7 32. Bd4 cxd4 33. Rxc4 dxe3
34. Rc7 e2 35. Rdc1 Rg7 36. Bf3 Bf8 37. Bxe2 Rg6 38. Bd3 Rxb6 39. Bxf5 Ka7 40.
Be6 Bd6 41. Rc8 Be5 42. Rxd8 Rxb2+ 1/2-1/2

[Event "21st European Teams"]
[Site "Hersonissos GRE"]
[Date "2017.10.31"]
[Round "4.3"]
[Board "2"]
[White "Bosiocic, Marin"]
[Black "Rodshtein, Maxim"]
[Result "1-0"]
[WhiteTitle "GM"]
[BlackTitle "GM"]
[WhiteElo "2619"]
[BlackElo "2699"]
[WhiteTeam "Croatia"]
[BlackTeam "Israel"]
[WhiteFideId "14507927"]
[BlackFideId "2806851"]
[EventDate "2017.10.28"]

1. d4 Nf6 2. c4 g6 3. Nc3 d5 4. Nf3 Bg7 5. Qb3 dxc4 6. Qxc4 O-O 7. e4 Na6 8. Be2
c5 9. d5 e6 10. O-O exd5 11. exd5 Re8 12. Bf4 Bd7 13. Qb3 Nh5 14. Bg5 Qb6 15.
Bc4 Qxb3 16. axb3 Nb4 17. d6 h6 18. Be7 Nf4 19. Rad1 a6 20. Rfe1 b5 21. Bf1 Nc6
22. g3 Ne6 23. Nd5 Nxe7 24. Nxe7+ Kf8 25. Ne5 Ra7 26. Bg2 Bxe5 27. Rxe5 a5 28.
h4 a4 29. bxa4 Rxa4 30. h5 g5 31. Bc6 Rd8 32. Bxd7 Rxd7 33. Nf5 Nd4 34. Rxc5
Nxf5 35. Rxf5 Rb4 36. Rd2 Kg7 37. Kg2 f6 38. Kf3 Kf7 39. g4 Ke6 40. Kg3 Rb3+ 41.
f3 Rb4 42. Kf2 Rb3 43. Ke2 Rb4 44. Ke3 Rb3+ 45. Kf2 Rb4 46. Re2+ Kf7 47. Rd5 Rb3
48. Rd4 Kf8 49. Rde4 Kf7 50. Re7+ Rxe7 51. Rxe7+ Kf8 52. Rh7 Rxb2+ 53. Ke3 Ke8
54. Rxh6 f5 55. Rh7 Rb3+ 56. Kd4 Rxf3 57. Re7+ Kd8 58. h6 fxg4 59. h7 Rh3 60.
Rg7 g3 61. Ke3 b4 62. Kf3 Kc8 63. Kg2 1-0

[Event "21st European Teams"]
[Site "Hersonissos GRE"]
[Date "2017.10.31"]
[Round "4.3"]
[Board "3"]
[White "Sutovsky, Emil"]
[Black "Stevic, Hrvoje"]
[Result "1/2-1/2"]
[WhiteTitle "GM"]
[BlackTitle "GM"]
[WhiteElo "2683"]
[BlackElo "2616"]
[WhiteTeam "Israel"]
[BlackTeam "Croatia"]
[WhiteFideId "2802007"]
[BlackFideId "14502569"]
[EventDate "2017.10.28"]

1. e4 e5 2. Nf3 Nc6 3. Bb5 a6 4. Ba4 d6 5. c3 Bd7 6. d4 g6 7. Bg5 Be7 8. Be3 Nf6
9. Bc2 O-O 10. O-O exd4 11. cxd4 Nb4 12. Nc3 Nxc2 13. Qxc2 c6 14. Bh6 Re8 15. h3
d5 16. e5 Nh5 17. Qd2 Qb6 18. Na4 Qb5 19. Nc5 Bxc5 20. dxc5 Qxc5 21. Rac1 Qe7
22. g4 Ng7 23. Bg5 Qf8 24. Bf6 Ne6 25. Rfe1 c5 26. Nh4 d4 27. Kh2 Nc7 28. b4 b6
29. bxc5 bxc5 30. Rxc5 Qxc5 31. Rc1 Qf8 32. Rxc7 Be6 33. Nf5 Bxf5 34. gxf5 Rac8
35. Rd7 Rcd8 36. Bxd8 Rxd8 37. Qxd4 Rxd7 38. Qxd7 gxf5 39. Qxf5 Qc5 40. Qg5+ Kf8
41. Qd8+ Kg7 42. Qf6+ Kg8 43. Qd8+ Kg7 44. Qf6+ Kg8 45. Qg5+ Kf8 46. Qe3 Qc2 47.
a3 a5 48. Kg3 a4 49. Kh4 Kg8 50. Qg5+ Kf8 51. Qd8+ Kg7 52. Qf6+ Kg8 53. Qd8+ Kg7
54. Qd4 Kg8 55. f4 h6 56. Qd7 Qf2+ 57. Kg4 Qe2+ 58. Kh4 Qf2+ 59. Kh5 Qxf4 60.
Qg4+ Qxg4+ 61. Kxg4 Kf8 62. Kf4 Ke8 63. h4 Ke7 64. Kf5 h5 65. Kg5 Ke6 66. Kxh5
Kxe5 67. Kg5 Ke6 68. Kh6 Kf5 1/2-1/2

[Event "21st European Teams"]
[Site "Hersonissos GRE"]
[Date "2017.10.31"]
[Round "4.3"]
[Board "4"]
[White "Martinovic, Sasa"]
[Black "Smirin, Ilia"]
[Result "1/2-1/2"]
[WhiteTitle "GM"]
[BlackTitle "GM"]
[WhiteElo "2565"]
[BlackElo "2635"]
[WhiteTeam "Croatia"]
[BlackTeam "Israel"]
[WhiteFideId "14509792"]
[BlackFideId "2801990"]
[EventDate "2017.10.28"]

1. d4 Nf6 2. c4 g6 3. Nf3 Bg7 4. g3 O-O 5. Bg2 d6 6. Nc3 Nc6 7. O-O e5 8. dxe5
Nxe5 9. Nxe5 dxe5 10. Qxd8 Rxd8 11. Bg5 Rd7 12. Na4 h6 13. Be3 Ng4 14. Bc1 c6
15. h3 Nf6 16. Be3 Rc7 17. b3 b6 18. Rad1 Be6 19. Rd3 Rac8 20. Rfd1 Nd7 21. Nc3
f5 22. Rd6 Nf8 23. g4 e4 24. Bd4 Bxd4 25. R1xd4 Kf7 26. gxf5 gxf5 27. f3 exf3
28. Bxf3 Ke7 29. e4 Rd7 30. Rxd7+ Nxd7 31. exf5 Bxf5 32. Rf4 Bxh3 33. Rh4 Bf5
34. Rxh6 Ne5 35. Be4 Rg8+ 1/2-1/2

[Event "21st European Teams"]
[Site "Hersonissos GRE"]
[Date "2017.10.31"]
[Round "4.4"]
[Board "1"]
[White "Aronian, Levon"]
[Black "Giri, Anish"]
[Result "1/2-1/2"]
[WhiteTitle "GM"]
[BlackTitle "GM"]
[WhiteElo "2801"]
[BlackElo "2762"]
[WhiteTeam "Armenia"]
[BlackTeam "Netherlands"]
[WhiteFideId "13300474"]
[BlackFideId "24116068"]
[EventDate "2017.10.28"]

1. d4 Nf6 2. c4 e6 3. Nf3 d5 4. g3 dxc4 5. Bg2 c5 6. O-O Nc6 7. dxc5 Qxd1 8.
Rxd1 Bxc5 9. Nbd2 c3 10. bxc3 O-O 11. c4 Rd8 12. Bb2 Bd7 13. Nb3 Be7 14. Nfd4
Rac8 15. Nb5 b6 16. Rac1 a5 17. a4 Be8 18. Rxd8 Rxd8 19. Bf3 Rc8 20. c5 bxc5 21.
Nxc5 Ne5 22. Bxe5 Rxc5 23. Rxc5 Bxc5 24. Nd6 Bxa4 25. Nb7 Bb4 26. Bc7 Bb5 27.
Bxa5 Bxa5 28. Nxa5 e5 29. e3 Kf8 30. Bc6 Bd3 31. Ba4 1/2-1/2

[Event "21st European Teams"]
[Site "Hersonissos GRE"]
[Date "2017.10.31"]
[Round "4.4"]
[Board "2"]
[White "L'Ami, Erwin"]
[Black "Movsesian, Sergei"]
[Result "1-0"]
[WhiteTitle "GM"]
[BlackTitle "GM"]
[WhiteElo "2611"]
[BlackElo "2671"]
[WhiteTeam "Netherlands"]
[BlackTeam "Armenia"]
[WhiteFideId "1007998"]
[BlackFideId "310204"]
[EventDate "2017.10.28"]

1. d4 Nf6 2. c4 e6 3. Nf3 d5 4. Nc3 Bb4 5. Bg5 h6 6. Bxf6 Qxf6 7. Qa4+ Nc6 8. e3
O-O 9. Rc1 Qg6 10. Qc2 Qxc2 11. Rxc2 Rd8 12. a3 Bf8 13. Nb5 Rd7 14. h4 a6 15.
Nc3 Rd8 16. g4 g6 17. cxd5 exd5 18. Bh3 Ne7 19. Na4 c6 20. Nc5 Rb8 21. Ke2 Kg7
22. Nd3 Ng8 23. g5 h5 24. Nfe5 Ne7 25. Bxc8 Nxc8 26. Rh3 Bd6 27. Rf3 Bxe5 28.
dxe5 Ne7 29. Rf6 Ng8 30. f4 Nxf6 31. gxf6+ Kh6 32. Rc1 Rbc8 33. Rg1 Rg8 34. Nc5
Rc7 35. f5 g5 36. e6 g4 37. e7 Re8 38. Kf2 b6 39. Nd3 c5 40. Nf4 Rd7 41. Rd1 d4
42. e4 Kh7 43. Nd5 Rb8 44. Kg3 1-0

[Event "21st European Teams"]
[Site "Hersonissos GRE"]
[Date "2017.10.31"]
[Round "4.4"]
[Board "3"]
[White "Sargissian, Gabriel"]
[Black "Bok, Benjamin"]
[Result "1-0"]
[WhiteTitle "GM"]
[BlackTitle "GM"]
[WhiteElo "2657"]
[BlackElo "2611"]
[WhiteTeam "Armenia"]
[BlackTeam "Netherlands"]
[WhiteFideId "13300881"]
[BlackFideId "1017063"]
[EventDate "2017.10.28"]

1. Nf3 c5 2. c4 Nf6 3. Nc3 d5 4. cxd5 Nxd5 5. e3 e6 6. Nxd5 exd5 7. b4 cxb4 8.
Bb2 Nc6 9. Rc1 a6 10. Nd4 Nxd4 11. Bxd4 Bf5 12. Be2 Qd7 13. Qb3 Be6 14. O-O f6
15. Bh5+ Bf7 16. Bxf7+ Kxf7 17. Bb6 Be7 18. Rc7 Qd6 19. Rfc1 Rhe8 20. Ba5 Kg8
21. Rxb7 Rac8 22. Rxc8 Rxc8 23. g3 Rc4 24. d3 Rc3 25. Qa4 Bf8 26. Bxb4 Rc1+ 27.
Kg2 Qd8 28. Bxf8 Qxf8 29. Qxa6 1-0

[Event "21st European Teams"]
[Site "Hersonissos GRE"]
[Date "2017.10.31"]
[Round "4.4"]
[Board "4"]
[White "Sokolov, Ivan"]
[Black "Melkumyan, Hrant"]
[Result "0-1"]
[WhiteTitle "GM"]
[BlackTitle "GM"]
[WhiteElo "2603"]
[BlackElo "2642"]
[WhiteTeam "Netherlands"]
[BlackTeam "Armenia"]
[WhiteFideId "14400030"]
[BlackFideId "13302485"]
[EventDate "2017.10.28"]

1. d4 d5 2. c4 e6 3. Nc3 Nf6 4. Bg5 Be7 5. e3 Nbd7 6. Qc2 O-O 7. Rd1 dxc4 8.
Bxc4 c5 9. Nf3 h6 10. Bh4 a6 11. dxc5 Bxc5 12. O-O b5 13. Bxf6 Qxf6 14. Ne4 Qe7
15. Be2 Bb6 16. Qc6 Rb8 17. Nd6 Nf6 18. Ne5 Bc7 19. Bf3 Nd5 20. Nxc8 Rfxc8 21.
Qd7 Bxe5 22. Rxd5 Bxh2+ 23. Kh1 Qf6 24. Rh5 Be5 25. Qa7 g6 26. Rxh6 Kg7 27. Rh3
Rc4 28. Qxa6 Rh8 29. Rxh8 Rh4+ 30. Kg1 Bh2+ 31. Kh1 Bg3+ 32. Kg1 Bh2+ 33. Kh1
Rxh8 34. Bg4 Bc7+ 35. Kg1 Qg5 36. Bxe6 Qe5 37. g3 Qe4 0-1

[Event "21st European Teams"]
[Site "Hersonissos GRE"]
[Date "2017.10.31"]
[Round "4.5"]
[Board "1"]
[White "Solak, Dragan"]
[Black "Eljanov, Pavel"]
[Result "1/2-1/2"]
[WhiteTitle "GM"]
[BlackTitle "GM"]
[WhiteElo "2626"]
[BlackElo "2720"]
[WhiteTeam "Turkey"]
[BlackTeam "Ukraine"]
[WhiteFideId "916811"]
[BlackFideId "14102951"]
[EventDate "2017.10.28"]

1. e4 e5 2. Nf3 Nc6 3. Bb5 a6 4. Bxc6 dxc6 5. O-O Qf6 6. d4 exd4 7. Bg5 Qd6 8.
Nxd4 Be7 9. Bxe7 Nxe7 10. Nc3 Bd7 11. Nb3 O-O-O 12. Qf3 Ng6 13. Qe3 Kb8 14. Nc5
Bc8 15. Rad1 Qf4 16. Qxf4 Nxf4 17. f3 b6 18. Nd3 Nxd3 19. Rxd3 Rxd3 20. cxd3 Rd8
21. Rd1 c5 22. Kf2 Be6 23. Ke3 Kb7 24. g4 b5 25. Rg1 Kc6 26. f4 b4 27. f5 bxc3
28. fxe6 fxe6 29. bxc3 Rb8 30. Rf1 Rb2 31. Rf2 Rxf2 32. Kxf2 g5 33. Ke3 Kb5 34.
Kd2 c6 1/2-1/2

[Event "21st European Teams"]
[Site "Hersonissos GRE"]
[Date "2017.10.31"]
[Round "4.5"]
[Board "2"]
[White "Kryvoruchko, Yuriy"]
[Black "Yilmaz, Mustafa"]
[Result "1/2-1/2"]
[WhiteTitle "GM"]
[BlackTitle "GM"]
[WhiteElo "2692"]
[BlackElo "2633"]
[WhiteTeam "Ukraine"]
[BlackTeam "Turkey"]
[WhiteFideId "14109182"]
[BlackFideId "6302718"]
[EventDate "2017.10.28"]

1. e4 c5 2. Nf3 d6 3. Bb5+ Bd7 4. Bxd7+ Qxd7 5. c4 Nf6 6. Nc3 g6 7. d4 cxd4 8.
Nxd4 Bg7 9. f3 O-O 10. Be3 Nc6 11. O-O a6 12. Qd3 Ne5 13. Qe2 Rac8 14. b3 b5 15.
Nd5 Nxd5 16. cxd5 e6 17. dxe6 fxe6 18. Rad1 Nc6 19. Qd2 Nxd4 20. Bxd4 Rc6 21. f4
Bxd4+ 22. Qxd4 Rf7 23. Qd3 Qc8 24. h3 Qf8 25. Qg3 Rc2 26. a3 Qc8 27. Kh2 Rc3 28.
Rd3 Rxd3 29. Qxd3 Qf8 30. g3 Rc7 31. h4 d5 32. exd5 Qd6 33. Rd1 Qxd5 34. Qxd5
exd5 35. Rxd5 Rc3 36. Rd8+ Kg7 37. Rd7+ Kg8 38. Ra7 Rxb3 39. Rxa6 b4 40. axb4
Rxb4 41. Kh3 Rb5 42. g4 Rb3+ 43. Kg2 Kg7 44. Ra7+ Kg8 45. Re7 Ra3 46. Re5 Ra2+
47. Kf3 Ra3+ 48. Re3 Ra5 49. Rd3 Ra4 50. Ke3 Ra1 51. Rd8+ Kg7 52. Rd7+ Kg8 53.
Ke4 Rg1 54. g5 Re1+ 55. Kd5 Re2 56. Rc7 Re1 57. Rc6 Kg7 58. Rc7+ Kg8 59. h5 gxh5
60. Rc6 Kg7 61. Rh6 Rh1 62. Ke4 Re1+ 63. Kf5 Rh1 64. Ra6 Rb1 65. Ra7+ Kg8 66.
Kf6 Rb6+ 67. Ke7 Rb5 68. Ke6 Rb6+ 69. Kf5 Rb5+ 70. Ke4 Rb4+ 71. Kf3 Rb3+ 72. Kg2
h4 73. Ra6 h3+ 74. Kh2 Rf3 75. g6 1/2-1/2

[Event "21st European Teams"]
[Site "Hersonissos GRE"]
[Date "2017.10.31"]
[Round "4.5"]
[Board "3"]
[White "Can, Emre"]
[Black "Ponomariov, Ruslan"]
[Result "1/2-1/2"]
[WhiteTitle "GM"]
[BlackTitle "GM"]
[WhiteElo "2604"]
[BlackElo "2687"]
[WhiteTeam "Turkey"]
[BlackTeam "Ukraine"]
[WhiteFideId "6302181"]
[BlackFideId "14103320"]
[EventDate "2017.10.28"]

1. d4 d5 2. Nf3 e6 3. c4 a6 4. e3 Nf6 5. Nbd2 b6 6. b3 Bb7 7. Bb2 Nbd7 8. Bd3
Ne4 9. O-O Bd6 10. Qc2 f5 11. cxd5 exd5 12. Ne5 O-O 13. f4 Ndf6 14. Ndf3 Qe7 15.
Rac1 Qe6 16. Qe2 a5 17. a4 Rfc8 18. Rc2 Bb4 19. Ng5 Nxg5 20. fxg5 Ne4 21. Qf3 g6
22. g4 fxg4 23. Nxg4 Nxg5 24. Qg3 Be7 25. h4 Ne4 26. Nh6+ Kg7 27. Bxe4 Kxh6 28.
Bg2 Qd6 29. Qe1 Rf8 30. e4 dxe4 31. Qc1+ g5 32. Rxc7 Rxf1+ 33. Bxf1 Rf8 34. Bg2
Qg3 35. Rxe7 Qf2+ 36. Kh1 Qxh4+ 37. Kg1 Qf2+ 38. Kh1 Qh4+ 39. Kg1 Qf2+ 40. Kh1
Qh4+ 1/2-1/2